[Event "URS-FL"]
[Site "Kursk"]
[Date "1987.??.??"]
[Round "?"]
[White "Dvoirys, Semen I"]
[Black "Melnikov, A."]
[Result "1-0"]
[WhiteElo "2465"]
[BlackElo "2335"]

1.e4 c5 2.Nf3 e6 3.d4 cxd4 4.Nxd4 Nc6 5.Nc3 d6 6.Be2 Be7 7.f4 Nf6 8.Bf3 O-O
9.Nb3 Qc7 10.Be3 Rd8 11.Qe2 e5 12.Nb5 Qb8 13.c4 a6 14.Nc3 b5 15.Nd5 exf4
16.Nd4 Nxd5 17.Nxc6 Qc7 18.exd5 fxe3 19.Qxe3 Re8 20.O-O Bb7 21.Rae1 Bxc6
22.dxc6 g6 23.Bd5 Bf6 24.Qxe8+ Rxe8 25.Rxe8+ Kg7 26.b3  1-0

[Event "Leningrad"]
[Site "Leningrad"]
[Date "1987.??.??"]
[Round "?"]
[White "Chandler, Murray G"]
[Black "Andersson, Ulf"]
[Result "1-0"]
[WhiteElo "2595"]
[BlackElo "2600"]

1.e4 c5 2.Nf3 e6 3.d4 cxd4 4.Nxd4 Nc6 5.Nc3 a6 6.f4 Nxd4 7.Qxd4 b5 8.Bd3 Bb7
9.Bd2 Rc8 10.b4 Ne7 11.a3 Nc6 12.Qe3 Be7 13.O-O d6 14.Rad1 Bf6 15.Kh1 O-O
16.e5 dxe5 17.Ne4 Be7 18.Bc3 Qc7 19.f5 exf5 20.Rxf5 f6 21.Rdf1 Rcd8 22.Qg3 Nd4
23.Nxf6+ Bxf6 24.Rxf6 Rxf6 25.Rxf6 Qe7 26.Rf1 e4 27.Qe3 Qe8 28.Bc4+ bxc4
29.Bxd4 h6 30.c3 Bc6 31.h3 Rd7 32.Kg1 Rf7 33.Qg3 Qf8 34.Rxf7 Qxf7 35.Qd6 Bb5
36.a4 Bxa4 37.Qxa6 Qd7 38.Qxc4+ Kh7 39.Qc5 Bc6 40.c4 e3 41.Bxe3 Ba8 42.Bd4 Qf7
43.Qc8 Be4 44.Qg4 Bd3 45.c5 Bb5 46.Qe4+ Qg6 47.Qxg6+ Kxg6 48.g4 Kf7 49.Be3 Ke6
50.Kf2 Kd5 51.h4 Kc4 52.Bd2 Kd3 53.Bxh6  1-0

[Event "London Peace"]
[Site "London"]
[Date "1987.??.??"]
[Round "?"]
[White "Shamkovich, Leonid"]
[Black "Anderson, J."]
[Result "1-0"]
[WhiteElo "2420"]
[BlackElo "2225"]

1.e4 c5 2.Nf3 e6 3.Nc3 Nc6 4.d4 cxd4 5.Nxd4 Nf6 6.Ndb5 d6 7.Bf4 e5 8.Bg5 a6
9.Na3 b5 10.Nd5 Qa5+ 11.Bd2 Qd8 12.Nxf6+ Qxf6 13.Be3 Qd8 14.c4 b4 15.Nc2 Rb8
16.Qd3 Be7 17.g3 O-O 18.Bg2 Kh8 19.O-O Qc7 20.b3 a5 21.Bd2 Be6 22.Ne3 Nd8
23.Nd5 Bxd5 24.cxd5 Nb7 25.Rfc1 Nc5 26.Qc4 Qb6 27.Bh3 g6 28.Bh6 f5 29.Bxf8 Rxf8
30.exf5 gxf5 31.Rc2 f4 32.Re1 Bg5 33.Rxe5 dxe5 34.Qxc5 Qh6 35.Bg2 f3 36.Bf1 Bd8
37.d6 Qf6 38.Rc4 Qe6 39.Re4 Rf6 40.Rxe5 Qxd6 41.Re8+  1-0

[Event "Lloyds Bank op"]
[Site "London"]
[Date "1987.??.??"]
[Round "2"]
[White "Agnos, Demetrios"]
[Black "Hartston, William R"]
[Result "1/2-1/2"]
[WhiteElo "2330"]
[BlackElo "2435"]

1.e4 c5 2.Nf3 e6 3.d4 cxd4 4.Nxd4 Nc6 5.Nc3 a6 6.Be2 Nxd4 7.Qxd4 b5 8.O-O Bb7
9.Be3 Rc8 10.a3 Nf6 11.f4 Bc5 12.Qd3 Qb6 13.Bxc5 Qxc5+ 14.Kh1 h5 15.Rad1 Rc7
16.Rd2 h4 17.Bf3 Nh5 18.Bxh5 Rxh5 19.h3 f5 20.Re1 g6 21.Rde2 Rh7 22.Nd5 fxe4
23.Nxc7+ Qxc7 24.Qe3 Rf7 25.Rf2 Rf5 26.Ref1 Qc5 27.Qxc5 Rxc5 28.Re1 Ke7 29.Kh2 Kf6
30.g3 hxg3+ 31.Kxg3 Kf5 32.h4 Bd5 33.Rh2 a5 34.h5 gxh5 35.Rxh5+ Kf6 36.Re2 b4
37.axb4 axb4 38.Rxe4 b3 39.cxb3 Rc2 40.Rxd5 exd5 41.Re3 Rxb2 42.Rd3 d4 43.Kg4 d5
44.Rxd4 Rxb3 45.Rxd5 Rb6 46.Rh5 Kg7 47.f5 Rd6 48.Kg5 Rb6 49.Rh3 Ra6 50.Rb3 Rc6
51.Rb7+ Kf8 52.f6 Rc1 53.Rb8+ Kf7  1/2-1/2

[Event "Lloyds Bank op"]
[Site "London"]
[Date "1987.??.??"]
[Round "8"]
[White "Chandler, Murray G"]
[Black "Plaskett, Jim"]
[Result "1-0"]
[WhiteElo "2575"]
[BlackElo "2475"]

1.e4 c5 2.Nf3 Nc6 3.d4 cxd4 4.Nxd4 e6 5.Nc3 Qc7 6.f4 a6 7.Be2 b5 8.Nxc6 Qxc6
9.Bf3 Bb7 10.Be3 Rc8 11.O-O Bc5 12.Bxc5 Qxc5+ 13.Kh1 Ne7 14.a3 d6 15.Qd3 O-O
16.Rad1 Rfd8 17.f5 Qe5 18.Bg4 exf5 19.exf5 Rc4 20.h3 Qf6 21.Bf3 d5 22.Be2 Re8
23.Rde1 Rd4 24.Qe3 b4 25.axb4 Rxb4 26.Qc5 Rxb2 27.Bd3 Rb6 28.Rxe7  1-0

[Event "Lloyds Bank op"]
[Site "London"]
[Date "1987.??.??"]
[Round "10"]
[White "Chandler, Murray G"]
[Black "Wilder, Michael"]
[Result "1/2-1/2"]
[WhiteElo "2575"]
[BlackElo "2505"]

1.e4 c5 2.Nf3 e6 3.d4 cxd4 4.Nxd4 Nc6 5.Nc3 Qc7 6.f4 a6 7.Be2 b5 8.Nxc6 Qxc6
9.Bf3 Bb7 10.e5 Qc7 11.Ne4 Rc8 12.O-O Qxc2 13.Qxc2 Rxc2 14.Nd6+ Bxd6 15.Bxb7 Bc5+
16.Kh1 Nh6 17.Bxa6 Ng4 18.h3 Nf2+ 19.Kh2 b4 20.Bb5 Ke7 21.Ba4 Rc4 22.Bb3 Re4
23.Kg3 Nd3 24.Kf3 Re1 25.Bd2 Rxa1 26.Rxa1 g5 27.g3 gxf4 28.gxf4 Rg8 29.Rb1 f5
30.Bc4 Nf2 31.Bxb4 Bxb4 32.Kxf2 h5 33.Bb5 d6 34.Rc1  1/2-1/2

[Event "USA-op"]
[Site "Los Angeles"]
[Date "1987.??.??"]
[Round "7"]
[White "Colias, Billy"]
[Black "Shirazi, Kamran G"]
[Result "0-1"]
[WhiteElo "2245"]
[BlackElo "2455"]

1.e4 c5 2.Nc3 Nc6 3.Nge2 e6 4.d4 cxd4 5.Nxd4 a6 6.Be2 Qc7 7.O-O Bd6 8.g3 Nxd4
9.Qxd4 Nf6 10.Bg5 h5 11.Rad1 Be5 12.Qd3 b5 13.Bf3 Bb7 14.Ne2 Qc4 15.b3 Qc7
16.Bf4 Rc8 17.Rc1 Bxf4 18.Nxf4 g5 19.e5 Ng4 20.Ng6 Rg8 21.h3 Nh6 22.Bxh5 Qc6
23.f3 Nf5  0-1

[Event "URS-FL"]
[Site "Lvov"]
[Date "1987.??.??"]
[Round "?"]
[White "Gavrikov, Viktor"]
[Black "Lputian, Smbat G"]
[Result "1/2-1/2"]
[WhiteElo "2525"]
[BlackElo "2540"]

1.e4 c5 2.Nf3 e6 3.d4 cxd4 4.Nxd4 Nc6 5.Nc3 Qc7 6.g3 a6 7.Bg2 d6 8.O-O Bd7
9.Re1 Be7 10.Nxc6 Bxc6 11.a4 Nf6 12.a5 b5 13.axb6 Qxb6 14.b3 O-O 15.Nd5 exd5
16.exd5 Nxd5 17.Bxd5 Bf6 18.Be3 Qb7 19.Bxc6 Qxc6 20.Ra4 Rac8 21.Re2 h5 22.Bd4 Be5
23.Qd3 Qb5 24.Qxb5 axb5 25.Rb4 Rfe8 26.Bxe5 Rxe5 27.Rxe5 dxe5 28.Rxb5 Rxc2
29.Rxe5 Rb2 30.Rb5 g6 31.Kg2 Kg7 32.Kf3 Kf6 33.h4 Ke6 34.Ke3 f6 35.f3 g5
36.hxg5 fxg5 37.Rxg5 Rxb3+ 38.Kf2 Rb2+ 39.Kg1 h4 40.g4 h3 41.Rh5 Rg2+ 42.Kf1 Rh2
43.f4 Rg2 44.Rh4 Kd5 45.g5 Ke4 46.Rxh3 Rg4  1/2-1/2

[Event "Malaga"]
[Site "Malaga"]
[Date "1987.??.??"]
[Round "?"]
[White "Hebden, Mark"]
[Black "Cramling, Dan"]
[Result "1/2-1/2"]
[WhiteElo "2465"]
[BlackElo "2420"]

1.e4 c5 2.Nc3 Nc6 3.Nge2 e6 4.d4 cxd4 5.Nxd4 d6 6.Be2 Nf6 7.O-O Be7 8.Be3 O-O
9.Qe1 e5 10.Nxc6 bxc6 11.Rd1 Be6 12.Kh1 Nd7 13.f4 exf4 14.Bxf4 Qc7 15.Qg3 Ne5
16.Bxe5 dxe5 17.Bg4 Bxg4 18.Qxg4 Rad8 19.Qf3 Rxd1 20.Nxd1 Bc5 21.a3 a5 22.Qc3 Bd4
23.Qc4 Rd8 24.b3 Rd7 25.c3 Ba7 26.Nb2 Qd6 27.g3 h5 28.Rd1 Qf6 29.Rf1 Qd6
30.Qe2 Qxa3 31.Nc4 Qxb3 32.Nxe5 Rb7 33.Qxh5 Qe6 34.Qf5 Qxf5 35.exf5 Bc5 36.Ra1 Bd6
37.Rxa5 Bxe5 38.Rxe5 Kf8 39.g4 Rb3 40.Rc5 Rb6 41.Re5 Rb3 42.Re3 Rb2 43.Re4 Ra2
44.Rc4 Ra6 45.Kg2 Ke7 46.Kf3 Kd6 47.Rd4+ Ke7 48.h4 Ra3 49.Rc4 Kd6 50.Kf4 c5
51.f6 gxf6 52.Kf5 Kd5 53.Rf4 Rxc3 54.Kxf6 Rh3 55.h5 c4 56.Kg5 c3 57.Rxf7 Kc4
58.h6 c2 59.Rf1 Kd3 60.Kg6 Ke2 61.Ra1 Ra3 62.Rc1 Kd2 63.Rxc2+ Kxc2 64.h7 Rh3  1/2-1/2

[Event "Malaga"]
[Site "Malaga"]
[Date "1987.??.??"]
[Round "?"]
[White "Alvarez, R."]
[Black "Cramling, Dan"]
[Result "0-1"]
[WhiteElo "2370"]
[BlackElo "2420"]

1.e4 c5 2.Nf3 e6 3.d4 cxd4 4.Nxd4 Nc6 5.Nc3 d6 6.Be3 Nf6 7.Qd2 a6 8.O-O-O Nxd4
9.Bxd4 b5 10.f3 Qa5 11.Kb1 b4 12.Bxf6 gxf6 13.Ne2 Rb8 14.Nd4 Qc5 15.Nb3 Qc7
16.Qf4 Be7 17.Qh6 a5 18.Nd4 Qc5 19.Qg7 Rf8 20.Qxh7 f5 21.Qg7 fxe4 22.fxe4 a4
23.h4 e5 24.Nf5 Be6 25.Bd3 a3 26.Qg3 Kd7 27.Ng7 axb2 28.Nxe6 fxe6 29.Rde1 Rg8
30.Qf3 Ra8 31.Qe2 Rgc8 32.Bb5+ Kd8 33.h5 Rxa2 34.Kxa2 Ra8+ 35.Ba6 Qa5+ 36.Kxb2 Qa3+
37.Kb1 Rxa6 38.Qxa6 Qxa6 39.h6 b3 40.h7 Qa2+  0-1

[Event "FRG Hochschul-ch"]
[Site "Mannheim"]
[Date "1987.??.??"]
[Round "3"]
[White "Heim, Bernhard"]
[Black "Einarsson, Halldor"]
[Result "0-1"]
[WhiteElo "2215"]
[BlackElo "2225"]

1.e4 c5 2.Nf3 e6 3.d4 cxd4 4.Nxd4 Nc6 5.Nc3 a6 6.Be2 Qc7 7.O-O Nf6 8.Be3 Be7
9.f4 d6 10.Qe1 O-O 11.Qg3 Bd7 12.Nb3 b5 13.a3 Rfd8 14.Rae1 b4 15.axb4 Nxb4
16.Nd4 a5 17.Bf3 Rab8 18.e5 Ne8 19.Be4 d5 20.Bxh7+ Kxh7 21.f5 exf5 22.Nxf5 Bxf5
23.Rxf5 Kg8 24.Ref1 Bc5 25.Bxc5 Qxc5+ 26.Kh1 Qe7 27.Ne2 Nc6 28.Nf4 Nxe5 29.Re1 f6
30.Rh5 Qd7 31.Rexe5 fxe5 32.Ng6 Qd6 33.Rh8+ Kf7 34.Nxe5+ Ke6 35.Rh5 Nf6 36.Qh3+ Ke7
37.Ng6+ Ke8 38.Qe3+ Kf7 39.Ne5+ Kg8 40.Rh8+ Kxh8 41.Nf7+ Kg8 42.Nxd6 Rxd6
43.b3 Re8 44.Qd2 a4 45.bxa4 Ra6 46.g4 Rxa4 47.g5 Rae4 48.Qa5 Re1+ 49.Kg2 R1e2+
50.Kf1 Re1+ 51.Kg2 R8e2+ 52.Kf3 Re3+  0-1

[Event "Namestovo"]
[Site "Namestovo"]
[Date "1987.??.??"]
[Round "8"]
[White "Mokry, Karel"]
[Black "Paunovic, Dragan"]
[Result "1/2-1/2"]
[WhiteElo "2485"]
[BlackElo "2450"]

1.e4 c5 2.Nf3 e6 3.d4 cxd4 4.Nxd4 Nc6 5.Nc3 Qc7 6.f4 a6 7.Nf3 b5 8.Bd3 Bc5
9.e5 f5 10.Qe2 Nh6  1/2-1/2

[Event "Namestovo"]
[Site "Namestovo"]
[Date "1987.??.??"]
[Round "11"]
[White "Jansa, Vlastimil"]
[Black "Paunovic, Dragan"]
[Result "1/2-1/2"]
[WhiteElo "2465"]
[BlackElo "2450"]

1.e4 c5 2.Nf3 e6 3.d4 cxd4 4.Nxd4 Nc6 5.Nc3 Qc7 6.g3 a6 7.Bg2 Nf6 8.O-O Be7
9.Re1 O-O 10.Nxc6 dxc6 11.e5 Rd8 12.Qf3 Nd5 13.h4 Nxc3 14.Qxc3 Bd7 15.Bg5 Be8
16.Rad1 a5 17.Bxe7 Qxe7 18.Rxd8 Qxd8 19.a3 Qc7 20.Rd1 Rd8 21.Rxd8 Qxd8 22.Be4 Qc7
23.b4 axb4 24.axb4 h6 25.Qa1 b6 26.c4 c5 27.Qa8 Kf8 28.b5 Ke7 29.Bc6 Bd7
30.f4 Bc8 31.Kf2 Kd8 32.Ke2 Ke7 33.Qa1 Bd7 34.Bg2 Bc8 35.h5 Qb8 36.Ke3 Bb7
37.Bxb7 Qxb7 38.Qa6 Qc7 39.Qa8 Qd7 40.Qa1 Qb7 41.Qd1 Qc7 42.Qd3 Qd8 43.Qxd8+ Kxd8
44.Ke4 g6 45.Kf3 gxh5 46.g4 Ke7 47.gxh5 Kd7  1/2-1/2

[Event "Netanya op"]
[Site "Netanya"]
[Date "1987.??.??"]
[Round "6"]
[White "Ghinda, Mihail Viorel"]
[Black "Birnboim, Nathan"]
[Result "1-0"]
[WhiteElo "2460"]
[BlackElo "2465"]

1.e4 c5 2.Nf3 Nc6 3.Nc3 e6 4.d4 cxd4 5.Nxd4 Nf6 6.Nxc6 bxc6 7.e5 Nd5 8.Ne4 Qc7
9.f4 Qb6 10.c4 Bb4+ 11.Ke2 f5 12.Nf2 Bc5 13.Nd3 Ne3 14.Qb3 Nxf1 15.Qxb6 Bxb6
16.Rxf1 Ba6 17.b3 Bd4 18.Bb2 Bxb2 19.Nxb2 c5 20.Rf3 Rc8 21.Rd1 Bb7 22.Rg3 Rg8
23.h4 Bc6 24.Rd6 Ke7 25.Kd2 g6 26.Kc3 h6 27.Nd3 Be4 28.Nf2 Bc6 29.Nd3 Be4
30.Ra6 Rc7 31.Nf2 Ba8 32.Kd2 Kf7 33.Ke2 Rd8 34.Kf1 Rb8 35.Ra5 Rbc8 36.Rd3 Rg8
37.Nh3 Ke7 38.Rd6 Bb7 39.Kf2 a6 40.g3 Rgc8 41.Rb6 Rd8 42.Rd6 Rdc8 43.Ke3 Rc6
44.Rxc6 Rxc6 45.Nf2 d6 46.Nd3 Rc7 47.a3 Kd7 48.Kd2 Kc6 49.exd6 Kxd6 50.Ke3 Bc8
51.b4 cxb4 52.axb4 Rg7 53.Ne5 Bb7 54.Kd4 Kc7 55.Kc5 g5 56.hxg5 hxg5 57.Ra3 Bc8
58.b5 axb5 59.cxb5 Bb7 60.b6+ Kc8 61.Kd6 gxf4 62.Rc3+ Kb8 63.g4 Bd5 64.Rc7  1-0

[Event "Netanya op"]
[Site "Netanya"]
[Date "1987.??.??"]
[Round "10"]
[White "Rechlis, Gad"]
[Black "Birnboim, Nathan"]
[Result "1/2-1/2"]
[WhiteElo "2445"]
[BlackElo "2465"]

1.e4 c5 2.Nf3 Nc6 3.Nc3 e6 4.d4 cxd4 5.Nxd4 Nf6 6.Ndb5 d6 7.Bf4 e5 8.Bg5 a6
9.Na3 b5 10.Nd5 Be7 11.Bxf6 Bxf6 12.c3 Bg5 13.Nc2 O-O 14.a4 bxa4 15.Rxa4 Rb8
16.b4 a5 17.Bc4 axb4 18.Ncxb4 Na5 19.Bd3 Bd7 20.Ra2 Nb7 21.O-O Nc5 22.Bc2 g6
23.Ra7 Rb7 24.Rxb7 Nxb7 25.Ba4 Be6 26.Nc6 Qa8 27.Nc7 Qc8 28.Nxe6 fxe6 29.Bb5 Kg7
30.g3 Rf7 31.Qg4 Bd2 32.c4 Na5 33.Nxa5 Bxa5 34.Kg2 Bb4 35.f4 Qa8 36.Qe2 Ra7
37.Kh3 exf4 38.Rxf4 e5 39.Rf1 Qc8+ 40.Kg2 Ra3 41.Rf3 Ra1 42.Rf1 Ra3 43.Rf3 Ra7
44.Rf1 Bc5 45.Qf3 Kh6 46.Qf6 Ra2+ 47.Kh1 Qg4 48.Bc6 d5 49.Qxe5 Rxh2+ 50.Kxh2 Qe2+
51.Kh3 Qxf1+ 52.Kg4 Qd1+ 53.Kh3 Qh1+ 54.Kg4 Qh5+ 55.Qxh5+ gxh5+ 56.Kf3 dxc4
57.g4 c3 58.Ba4 h4 59.e5 Kg5 60.Bc2 h5 61.gxh5 Kxh5 62.e6 Kh6 63.e7  1/2-1/2

[Event "New York op"]
[Site "New York"]
[Date "1987.??.??"]
[Round "?"]
[White "Valvo, Michael J"]
[Black "Kudrin, Sergey"]
[Result "1/2-1/2"]
[WhiteElo "2405"]
[BlackElo "2505"]

1.e4 c5 2.Nf3 e6 3.d4 cxd4 4.Nxd4 Nc6 5.Nc3 a6 6.Be2 Qc7 7.O-O Nf6 8.Be3 Be7
9.Kh1 O-O 10.f4 d6 11.Qe1 Nxd4 12.Bxd4 b5 13.e5 dxe5 14.fxe5 Nd7 15.Bd3 Bb7
16.Ne4 Bxe4 17.Qxe4 g6 18.Rae1 Rad8 19.Qf4 Nc5 20.Re3 Nxd3 21.cxd3 f5 22.exf6 Qxf4
23.Rxf4 Rxd4 24.Rxd4 Bc5 25.Ree4  1/2-1/2

[Event "New York op"]
[Site "New York"]
[Date "1987.??.??"]
[Round "?"]
[White "Rohde, Michael A"]
[Black "Paunovic, Dragan"]
[Result "1-0"]
[WhiteElo "2530"]
[BlackElo "2465"]

1.e4 c5 2.Nf3 e6 3.Nc3 Nc6 4.d4 cxd4 5.Nxd4 a6 6.g3 Nge7 7.Nb3 b6 8.Bg2 Bb7
9.O-O Nc8 10.Bf4 d6 11.Qe2 Be7 12.a4 Ne5 13.a5 Qc7 14.axb6 Nxb6 15.Na5 Bc8
16.Be3 Rb8 17.Bd4 Bf6 18.Rfd1 Nbc4 19.Nxc4 Nxc4 20.Bxf6 gxf6 21.Qf3 Ke7 22.b3 Ne5
23.Qe3 Bb7 24.Rd2 Rbc8 25.Na4 Bc6 26.Nb6 Rb8 27.Rxa6 Rhd8 28.Ra7 Rb7 29.Rxb7 Qxb7
30.c4 Ng4 31.Qd4 e5 32.Nd5+ Bxd5 33.Qxd5 Qxb3 34.h3 Nh6 35.Qc6 Qb4 36.Rd5 Qb8
37.c5 Ng8 38.Bf1 f5 39.cxd6+ Rxd6 40.Rxe5+ Re6 41.Rxe6+ fxe6 42.exf5 exf5
43.Bc4 Qb1+ 44.Kg2  1-0

[Event "NLD-ch"]
[Site "?"]
[Date "1987.??.??"]
[Round "?"]
[White "Riemersma, Liafbern"]
[Black "Ligterink, Gert"]
[Result "1/2-1/2"]
[WhiteElo "2395"]
[BlackElo "2470"]

1.e4 c5 2.Nf3 e6 3.d4 cxd4 4.Nxd4 Nc6 5.Nc3 a6 6.Be2 d6 7.O-O Nf6 8.Be3 Be7
9.f4 O-O 10.a4 Qc7 11.Kh1 Re8 12.Bf3 Rb8 13.g4 Nxd4 14.Bxd4 e5 15.fxe5 dxe5
16.Ba7 Ra8 17.g5 Rd8 18.Qe2 Ne8 19.Be3 Be6 20.Qf2 Rdc8 21.Bg4 Nd6 22.Bxe6 fxe6
23.g6 Rf8 24.Qg2 Rxf1+ 25.Rxf1 Rf8 26.Rxf8+ Bxf8 27.Qh3 hxg6 28.Qxe6+ Kh7
29.Qh3+ Kg8 30.Qe6+ Kh7 31.Qxe5 Qc4 32.Kg2 b5 33.axb5 axb5 34.b3 Qc8 35.Kf3 Nf7
36.Qf4  1/2-1/2

[Event "NLD-ch"]
[Site "?"]
[Date "1987.??.??"]
[Round "?"]
[White "Van der Wiel, John TH"]
[Black "Kuijf, Marinus"]
[Result "1/2-1/2"]
[WhiteElo "2590"]
[BlackElo "2470"]

1.e4 c5 2.Nf3 e6 3.d4 cxd4 4.Nxd4 Nc6 5.Nc3 Nf6 6.Ndb5 d6 7.Bf4 e5 8.Bg5 a6
9.Na3 Be6 10.Nc4 Rc8 11.Bxf6 Qxf6 12.Nb6 Rb8 13.Ncd5 Qd8 14.c3 Be7 15.Bd3 Bg5
16.Bc2 O-O 17.O-O Kh8 18.Qe2 g6 19.Kh1 Bh6 20.Rad1 Ne7 21.Bb3 Nxd5 22.Nxd5 b5
23.Ne3 Bxe3  1/2-1/2

[Event "NLD-chT"]
[Site "NLD"]
[Date "1987.??.??"]
[Round "?"]
[White "Bierenbroodspot, Paul"]
[Black "Kuijf, Marinus"]
[Result "0-1"]
[WhiteElo "2260"]
[BlackElo "2470"]

1.e4 c5 2.Nf3 e6 3.d4 cxd4 4.Nxd4 Nc6 5.Nc3 Nf6 6.Be2 Qc7 7.O-O a6 8.Be3 Bb4
9.Nxc6 bxc6 10.Na4 O-O 11.f4 Rb8 12.Bd3 Be7 13.c3 c5 14.Rf3 Bb7 15.Rh3 Qc6
16.b3 Nxe4 17.Qh5 h6 18.Bxe4 Qxe4 19.Rg3 d6 20.Nb6 Bc6 21.Nc4 Kh7 22.Rd1 Rbd8
23.Rf1 g6 24.Qd1 Bh4 25.Nd2 Qf5 26.Rh3 Bf6 27.Qc1 Bg7 28.Nf3 Kg8 29.Nh4 Qf6
30.f5 gxf5 31.Qd1 Kh8 32.Qh5 Rg8 33.Bg5 Qxg5 34.Qxg5 Bd4+ 35.cxd4 Rxg5 36.dxc5 dxc5
37.Rc3 Rd2 38.Rf2 Rd4 39.Nf3 Rd1+  0-1

[Event "NOR-ch playoff-1pl"]
[Site "Oslo"]
[Date "1987.??.??"]
[Round "2"]
[White "Jansson, Joran"]
[Black "Tisdall, Jonathan D"]
[Result "0-1"]
[WhiteElo "2270"]
[BlackElo "2450"]

1.e4 c5 2.Nf3 e6 3.d4 cxd4 4.Nxd4 Nc6 5.Nc3 a6 6.g3 Nge7 7.Bg2 Nxd4 8.Qxd4 Nc6
9.Qd2 Bc5 10.b3 O-O 11.Bb2 Bd4 12.O-O-O d6 13.f4 e5 14.f5 f6 15.g4 Kh8 16.h4 b5
17.g5 Bb7 18.Ne2 Bc5 19.Rh3 Rc8 20.Kb1 Rc7 21.Ng3 b4 22.Nf1 Bd4 23.Bxd4 Nxd4
24.Qxb4 Nxc2 25.Qa5 Nd4 26.Rc3 Rxc3 27.Qxc3 fxg5 28.h5 Nxf5 29.exf5 Bxg2
30.Ng3 g4 31.Kb2 Bf3 32.Rc1 h6 33.Qd3 Qf6 34.Qxa6 e4+ 35.Rc3 Qe5 36.Qa7 Rc8
37.Qe3 Rxc3 38.Qxc3 Qxg3 39.f6 Qf4 40.fxg7+ Kh7  0-1

[Event "Philadelphia op"]
[Site "Philadelphia"]
[Date "1987.??.??"]
[Round "?"]
[White "Gruenfeld, Yehuda"]
[Black "Delaune, Richard K"]
[Result "1/2-1/2"]
[WhiteElo "2535"]
[BlackElo "2380"]

1.e4 c5 2.Nf3 Nc6 3.d4 cxd4 4.Nxd4 e6 5.Nc3 Nf6 6.Nxc6 bxc6 7.e5 Nd5 8.Ne4 Qc7
9.f4 Qb6 10.c4 Ne3 11.Qd3 Nf5 12.b3 h5 13.Bd2 a5 14.Rb1 Be7 15.g3 Ba6 16.Bh3 Nd4
17.Rd1 O-O 18.Bc3 Nf5 19.Ke2 a4 20.Rb1 axb3 21.axb3 d5 22.exd6 Rfd8 23.Rhd1 Nxd6
24.Nxd6 Rxd6 25.Qe3 Qxe3+ 26.Kxe3 Rxd1 27.Rxd1 Rb8 28.Ra1 Rxb3 29.Rxa6 Rxc3+
30.Kd4 Bf6+ 31.Kc5 Rc2 32.Rxc6 Be7+ 33.Kb6 Rb2+ 34.Ka6 g6 35.Rc8+ Kg7 36.c5 Rxh2
37.c6 Ra2+  1/2-1/2

[Event "POL-ch"]
[Site "?"]
[Date "1987.??.??"]
[Round "?"]
[White "Kuczynski, Robert"]
[Black "Skrobek, Ryszard"]
[Result "1/2-1/2"]
[WhiteElo "2450"]
[BlackElo "2410"]

1.e4 c5 2.Nf3 e6 3.Nc3 Nc6 4.d4 cxd4 5.Nxd4 Nf6 6.Nxc6 bxc6 7.e5 Nd5 8.Ne4 Qc7
9.f4 Qb6 10.c4 Ne3 11.Qd3 Nf5 12.b3 Bb7 13.g4 Nd4 14.Bb2 c5 15.Bg2 Rd8 16.O-O d6
17.Rf2 Be7 18.Qh3 O-O 19.g5 Bxe4 20.Bxe4 g6 21.Qe3 Rd7 22.Re1 dxe5 23.fxe5 Rfd8
24.h4 Nf5 25.Bxf5 gxf5 26.h5 Rd3 27.Qf4 Qc6 28.Kh2 Rd1 29.Rxd1 Rxd1 30.Rg2 Qe4
31.Qxe4 fxe4 32.Kh3 e3 33.Bc3 Rd3 34.Be1 Rd1 35.Ba5 Rf1 36.Rg3 Rh1+ 37.Kg4 e2
38.Re3 Rg1+ 39.Kf3 Rxg5 40.Rxe2 Rxh5 41.Bc7 Kf8 42.Bb8 a6 43.Rd2 Ke8 44.Ke4 Rh4+
45.Kf3 Rh3+ 46.Kg4 Rh1 47.Kf3 h5 48.Rg2 h4 49.Rg8+ Kd7 50.Rg7 h3 51.Rh7 h2
52.Kg2 Rg1+ 53.Kxh2 Rg8 54.Ba7  1/2-1/2

[Event "POL-ch"]
[Site "?"]
[Date "1987.??.??"]
[Round "?"]
[White "Juroszek, Tadeusz"]
[Black "Tomaszewski, Roman"]
[Result "0-1"]
[WhiteElo "2320"]
[BlackElo "2380"]

1.e4 c5 2.Nf3 e6 3.d4 cxd4 4.Nxd4 Nc6 5.Nc3 a6 6.Nxc6 bxc6 7.Bd3 d5 8.O-O Nf6
9.Re1 Be7 10.e5 Nd7 11.Qg4 g6 12.Bh6 Qc7 13.Qh3 Bf8 14.Bxf8 Kxf8 15.Qh6+ Kg8
16.Na4 c5 17.c4 d4 18.Qg5 Bb7 19.b3 h6 20.Qe7  0-1

[Event "POL-ch"]
[Site "?"]
[Date "1987.??.??"]
[Round "?"]
[White "Skrobek, Ryszard"]
[Black "Stempin, Pawel"]
[Result "1/2-1/2"]
[WhiteElo "2410"]
[BlackElo "2415"]

1.e4 c5 2.Nc3 Nc6 3.Nge2 e6 4.d4 cxd4 5.Nxd4 Qc7 6.Be3 Nf6 7.Bd3 Nxd4 8.Bxd4 Bc5
9.Bxf6 gxf6 10.Qg4 Ke7 11.Qg7 Rf8 12.O-O Qf4 13.Rae1 Qg5 14.Qxh7 Rg8 15.g3 b5
16.Kh1 Bb7 17.f4 Qg4 18.Be2 Rg7 19.Qh6 Rg6 20.Qh7  1/2-1/2

[Event "Porabka"]
[Site "Porabka"]
[Date "1987.??.??"]
[Round "10"]
[White "Carlier, Bruno"]
[Black "Podlesnik, Bogdan"]
[Result "1/2-1/2"]
[WhiteElo "2360"]
[BlackElo "2380"]

1.e4 c5 2.Nf3 Nc6 3.Nc3 e6 4.d4 cxd4 5.Nxd4 Nf6 6.Ndb5 d6 7.Bf4 e5 8.Bg5 a6
9.Na3 b5 10.Nd5 Be7 11.Bxf6 Bxf6 12.c3 O-O 13.Nc2 Rb8 14.Be2 Bg5 15.O-O Be6
16.Qd3 Qd7 17.Rad1 Kh8 18.b4 f5 19.Bf3 f4 20.a4 Ne7 21.axb5 Nxd5 22.exd5 Bf5
23.Qe2 Rbe8 24.h3 e4 25.Bg4 f3 26.gxf3 h5 27.Bxh5 exf3 28.Qxf3 Bxc2 29.Bxe8 Qxe8
30.Rde1 Qc8 31.Qh5+ Bh6 32.bxa6 Bd3 33.Re6 Bxf1 34.Rxh6+ gxh6 35.Qxh6+ Kg8
36.Qg6+ Kh8  1/2-1/2

[Event "PRC-chT"]
[Site "?"]
[Date "1987.??.??"]
[Round "?"]
[White "Wu Xibin"]
[Black "Liang Jinrong"]
[Result "1/2-1/2"]
[WhiteElo "2400"]
[BlackElo "2405"]

1.e4 c5 2.Nf3 e6 3.d4 cxd4 4.Nxd4 Nc6 5.Nc3 a6 6.Be3 Qc7 7.f4 b5 8.Nxc6 Qxc6
9.Bd3 Bb7 10.Qd2 Nf6 11.O-O-O b4 12.Ne2 Qa4 13.Kb1 Bxe4 14.Bxe4 Nxe4 15.Qd3 Nf6
16.Bd4 Be7 17.Ng3 Qb5 18.Bxf6 Qxd3 19.Rxd3 gxf6 20.f5 Rg8 21.Rhd1 d5 22.Re1 Kd7
23.Rde3 e5 24.Rd1 Kc6 25.c4 dxc4 26.Re4 Kb5 27.Rd7 Rge8 28.Rc7 Rac8 29.Rexc4 Rxc7
30.Rxc7 Kb6 31.Rd7 Kc6 32.Ra7  1/2-1/2

[Event "PRC-chT"]
[Site "?"]
[Date "1987.??.??"]
[Round "?"]
[White "Wang Zili"]
[Black "Liang Jinrong"]
[Result "1/2-1/2"]
[WhiteElo "2310"]
[BlackElo "2405"]

1.e4 c5 2.Nf3 e6 3.d4 cxd4 4.Nxd4 Nc6 5.Nc3 a6 6.Be2 d6 7.O-O Nf6 8.Be3 Be7
9.f4 O-O 10.Qe1 Nxd4 11.Bxd4 b5 12.a3 Bb7 13.Qg3 g6 14.Bf3 Nd7 15.Rad1 Qc7
16.Kh1 e5 17.Be3 exf4 18.Bxf4 Ne5 19.Bh6 Rfe8  1/2-1/2

[Event "PRC-chT"]
[Site "?"]
[Date "1987.??.??"]
[Round "?"]
[White "Yang Xian"]
[Black "Liang Jinrong"]
[Result "1/2-1/2"]
[WhiteElo "2305"]
[BlackElo "2405"]

1.e4 c5 2.Nf3 e6 3.d4 cxd4 4.Nxd4 Nc6 5.Nc3 a6 6.Be2 d6 7.O-O Nf6 8.Be3 Be7
9.f4 O-O 10.a4 Qc7 11.Kh1 Re8 12.Qd2 Rb8 13.Rad1 Bf8 14.Bf3 e5 15.Nxc6 bxc6
16.fxe5 dxe5 17.b3 Be6 18.Qe2 a5 19.h3 h6 20.Bf2 Be7 21.Bh4 Nd7 22.Bxe7 Rxe7
23.Qe3 Qb6 24.Qxb6 Nxb6 25.Be2 Rd7 26.Rxd7 Nxd7 27.Rd1 Nc5 28.Rd6 Rc8 29.Kg1 Kf8
30.Kf2 Ke7 31.Rd1  1/2-1/2

[Event "Reggio Emilia8788-B"]
[Site "Reggio Emilia"]
[Date "1987.??.??"]
[Round "3"]
[White "Paoli, Enrico"]
[Black "Beil, Zdenek"]
[Result "1/2-1/2"]
[WhiteElo "2220"]
[BlackElo "2425"]

1.e4 c5 2.Nf3 e6 3.d4 cxd4 4.Nxd4 Nc6 5.Nc3 a6 6.g3 d6 7.Bg2 Bd7 8.O-O Nf6
9.Be3 Be7 10.h3 O-O  1/2-1/2

[Event "Rio Hondo"]
[Site "Rio Hondo"]
[Date "1987.??.??"]
[Round "2"]
[White "Gomez Baillo, Jorge H"]
[Black "Bronstein, Luis"]
[Result "1/2-1/2"]
[WhiteElo "2425"]
[BlackElo "2410"]

1.e4 c5 2.Nf3 e6 3.d4 cxd4 4.Nxd4 Nc6 5.Nc3 a6 6.f4 Qc7 7.Be2 b5 8.Nxc6 Qxc6
9.Bf3 Bb7 10.Qd3 Rc8 11.Be3 Qc4 12.O-O-O Qxd3 13.Rxd3 Bb4 14.Bd4 f6 15.g4 Ne7
16.Rhd1 O-O 17.a3 Ba5 18.Ne2 Rf7 19.Bc3 Bxc3 20.Nxc3 Bc6 21.f5 Rff8 22.Ne2 e5
23.Kb1 Rc7 24.Nc1 Rb8 25.b3  1/2-1/2

[Event "Sevilla op"]
[Site "Sevilla"]
[Date "1987.??.??"]
[Round "?"]
[White "Kuijf, Marinus"]
[Black "Illescas Cordoba, Miguel"]
[Result "1/2-1/2"]
[WhiteElo "2470"]
[BlackElo "2505"]

1.e4 c5 2.Nf3 e6 3.d4 cxd4 4.Nxd4 Nc6 5.Nc3 Qc7 6.Be2 a6 7.O-O Nf6 8.Be3 Bb4
9.Na4 O-O 10.Nxc6 bxc6 11.Nb6 Rb8 12.Nxc8 Rfxc8 13.Bxa6 Rf8 14.Bd3 Bd6 15.f4 e5
16.f5 Rxb2 17.g4 Qa5 18.g5 Bc5 19.Bxc5 Qxc5+ 20.Kh1 Ne8 21.f6 g6 22.Qg4 Nc7
23.Qxd7 Ne6 24.Qe7 Qe3 25.Rae1 Qxg5 26.Rf2 Qh4 27.Ref1 Rxa2 28.Rg2 Rfa8 29.Qd6 Nf4
30.Bc4 Nxg2 31.Bxf7+ Kh8 32.Be8 Rxe8 33.f7 Raa8 34.fxe8=Q+ Rxe8 35.Rf8+ Kg7
36.Rxe8 Qe1+ 37.Kxg2 Qe2+  1/2-1/2

[Event "Nordic-chT"]
[Site "Slupsk"]
[Date "1987.??.??"]
[Round "1"]
[White "Wibe, Terje"]
[Black "Stein, Bernd"]
[Result "1/2-1/2"]
[WhiteElo "2365"]
[BlackElo "2360"]

1.e4 c5 2.Nf3 e6 3.Nc3 Nc6 4.d4 cxd4 5.Nxd4 Nf6 6.a3 d6 7.Be2 Be7 8.O-O O-O
9.Be3 Bd7 10.Nb3 a6 11.f4 b5 12.Bf3 Rc8 13.Qe1 b4 14.axb4 Nxb4 15.Rf2 e5
16.Rd2 Qc7 17.Qg3 Kh8 18.Qf2 Rb8 19.h3 Be6 20.Na5 exf4 21.Bxf4 Na2 22.Nb3 Nxc3
23.bxc3 Qxc3 24.Rd3 Qb4 25.Nd4 Qc4 26.Kh1 Rbc8 27.Rda3 d5 28.Ra4 Qc5 29.Be3 Qc7
30.Nxe6 fxe6 31.exd5 exd5 32.Rxa6 Ne4 33.Qe1 Bf6 34.Rd1 Bc3 35.Qh4 Ng3+ 36.Kg1 Nf5
37.Qf2 Bb4 38.Bb6 Qc4 39.Ra7 Rb8 40.Bxd5 Qb5 41.Rb7 Rxb7 42.Bxb7 Ng3 43.Bf3 Ne4
44.Qd4 Nd2 45.Bc6 Qe2 46.Ra1 Be7 47.Qd3 Qe5 48.Qd4 Qe2 49.Qe3 Rf1+ 50.Rxf1 Qxf1+
51.Kh2 Qd1 52.Bb5 Bd6+ 53.g3 Nf3+ 54.Kg2 Qxc2+  1/2-1/2